Statistics for British Coins in Circulation

Click here to take the quiz!

General Stats

  • This quiz has been taken 38 times
  • The average score is 6 of 8

Answer Stats

Answer% Correct
One Pound
93%
Fifty Pence
89%
Two Pence
89%
Twenty Pence
86%
Ten Pence
79%
Two Pounds
75%
Five Pence
71%
One Penny
54%

Score Distribution

Percentile by Number Answered

Percent of People with Each Score

Your Score History

You have not taken this quiz